000
00249nam a22001217a 4500
003
URS
005
20250625110931.0
040
_c
URS
245
_a
Buying and Merchandising
260
_a
UAE
_b
3G Learning
_c
2015
300
_a
vii, 263
942
_2
lcc
_c
FR
999
_c
83169
_d
83168